Administración automatizada de empresas (Registro nro. 2302)

Detalles MARC
000 -LEADER
fixed length control field 01649 a2200217 4500
001 - CONTROL NUMBER
control field 32801
005 - DATE AND TIME OF LATEST TRANSACTION
control field 20260407155624.0
008 - FIXED-LENGTH DATA ELEMENTS--GENERAL INFORMATION
fixed length control field 260407a1967 arg spa d
003 - CONTROL NUMBER IDENTIFIER
control field AR-UNSa-BCEJYS
040 ## - CATALOGING SOURCE
Original cataloging agency AR-UNSa-BCEJYS
Language of cataloging spa
Transcribing agency AR-UNSa-BCEJYS
080 ## - UNIVERSAL DECIMAL CLASSIFICATION NUMBER
Universal Decimal Classification number 658.011.56
Common auxiliary subdivision Automatización
100 1# - MAIN ENTRY--PERSONAL NAME
Personal name Lhoste, G.
245 10 - TITLE STATEMENT
Title Administración automatizada de empresas
264 #1 - PRODUCTION, PUBLICATION, DISTRIBUTION, MANUFACTURE, AND COPYRIGHT NOTICE
Place of production, publication, distribution, manufacture Barcelona :
Name of producer, publisher, distributor, manufacturer Reverté
Date of production, publication, distribution, manufacture, or copyright notice 1967
300 ## - PHYSICAL DESCRIPTION
Extent 644 p.
Dimensions 22 cm.
505 ## - FORMATTED CONTENTS NOTE
Formatted contents note 1. La administración de empresas - 2. Principios y elementos constitutivos de las máquinas de trajetas perforadas - 3. Operaciones y marteriales para la creción de un fichero - 4. Operaciones preliminares para la creación de tarjetas - 5. Empleo de las tarjetas perforadas - 6. La clasificadora - 7. La tabuladora - 8. Materiales de puesta al dia y preparación de los ficheros de trabajo - 9. Materiales de cálculo - 10. Conjunto electrónicos - 11. Los documentos y los impresos - 12. Aplicación de las tarjetas perforadas en la administración de empresas - 13. Automatización por los otros sistemas - 14. Adopción de un sistema automático - 15. Los trabajos por cuenta ajena en máquina de tarjetas perforadas - 17. Implantación - Locales - Corriente - 18. El personal - 19. Estructura y ambiente - 20. Preparación y ejcución de los trabajos - 21. Programación de las máquinas mediante conexiones - 22. Programación de los conjuntos electrónicos - 23. Incidentes y accidentes - 24. Control de trabajo - 25. Precios de coste y rentabilidad.
590 ## - LOCAL NOTE (RLIN)
Local note niveau_biblio:m niveau_hierar:0
700 1# - ADDED ENTRY--PERSONAL NAME
Personal name Pèpe, P.
700 1# - ADDED ENTRY--PERSONAL NAME
Personal name Villamor Salazar, Enrique
942 ## - ADDED ENTRY ELEMENTS (KOHA)
Koha item type
Existencias
Withdrawn status Lost status Damaged status Not for loan Home library Current library Shelving location Date acquired Total checkouts Full call number Barcode Date last seen Price effective from Koha item type
        Biblioteca Prof. Eusebio Cleto del Rey Biblioteca Prof. Eusebio Cleto del Rey   07/04/2026   658.011.56 L691 L21954 07/04/2026 07/04/2026 Libro
        Biblioteca Prof. Eusebio Cleto del Rey Biblioteca Prof. Eusebio Cleto del Rey   07/04/2026   658.011.56 L691 L24352 07/04/2026 07/04/2026 Libro
        Biblioteca Prof. Eusebio Cleto del Rey Biblioteca Prof. Eusebio Cleto del Rey   07/04/2026   658.011.56 L691 L24353 07/04/2026 07/04/2026 Libro